000 00861nam a2200253 i 4500
001 16168
003 ES-MaACL
005 20250824222025.0
007 t|
008 000706s2000 sp ||||1| spa d
020 _a84-7844-502-1
080 _a929 Walser, Robert (049.3)
100 1 _aSeelig, Carl.
_9105089
245 1 0 _aPaseos con Robert Walser /
_cCarl Seelig ; epílogo de Elio Fröhlich ; fotografías de Carl Seelig ; traducción de Carlos Fortea.
260 _aMadrid :
_bSiruela,
_c2000.
300 _a167 p. :
_bil. ;
_c23 cm.
490 1 _aLibros del tiempo ;
_v120
600 1 4 _aWalser, Robert-
_vEntrevistas.
_9115989
700 1 _aFröhlich, Elio.
_952715
700 1 _aFortea, Carlos,
_d1963-
_951844
830 0 0 _aLibros del tiempo (Siruela)
_v120
_9233603
852 _aES-MaACL
_jL-23438
_bR.128418
999 _c16168
_d16168